Catálogo

Vista normal Vista MARC

Entrada Personal Name

Número de registros utilizados en: 2

001 - CONTROL NUMBER

  • control field: 892

003 - CONTROL NUMBER IDENTIFIER

  • control field: DLC

005 - DATE AND TIME OF LATEST TRANSACTION

  • control field: 20251003084931.0

008 - FIXED-LENGTH DATA ELEMENTS

  • fixed length control field: 800717n| azannaabn |a aaa

010 ## - LIBRARY OF CONGRESS CONTROL NUMBER

  • LC control number: n 79120654

024 7# - OTHER STANDARD IDENTIFIER

  • Standard number or code: 0000000083387984
  • Source of number or code: isni

035 ## - SYSTEM CONTROL NUMBER

  • System control number: (OCoLC)oca00352285

040 ## - CATALOGING SOURCE

  • Original cataloging agency: DLC
  • Language of cataloging: spa
  • Description conventions: rda
  • Transcribing agency: Mx-PuUPA
  • Modifying agency: DLC
  • Modifying agency: NL-TiUL
  • Modifying agency: Mx-PuUPA

046 ## - SPECIAL CODED DATES

  • Birth date: 19281002
  • Death date: 20140904
  • Source of date scheme: edtf

100 1# - HEADING--PERSONAL NAME

  • Personal name: Pannenberg, Wolfhart,
  • Dates associated with a name: 1928-2014

370 ## - ASSOCIATED PLACE

  • Place of birth: Stettin (Alemania)
  • Place of death: Munich (Alemania)
  • Source of term: naf

372 ## - FIELD OF ACTIVITY

  • Field of activity: Teología, Doctrinal
  • Source of term: lcsh

373 ## - ASSOCIATED GROUP

  • Associated group: Universidad de Múnich
  • Source of term: naf
  • Start period: 1967
  • End period: 1994
  • Source of information: Wikipedia en alemán, consultada el 8 de septiembre de 2014

373 ## - ASSOCIATED GROUP

  • Associated group: Universidad Johannes Gutenberg
  • Source of term: naf
  • Start period: 1961
  • End period: 1967
  • Source of information: Wikipedia en alemán, consultada el 8 de septiembre de 2014

373 ## - ASSOCIATED GROUP

  • Associated group: Universidad Eclesiástica de Wuppertal
  • Source of term: naf
  • Start period: 1958
  • End period: 1961
  • Source of information: Wikipedia en alemán, consultada el 8 de septiembre de 2014

374 ## - OCCUPATION

  • Occupation: Teólogo
  • Occupation: Educador religioso
  • Occupation: Autor
  • Source of term: lcsh

375 ## - GENDER

  • Gender: hombre

377 ## - ASSOCIATED LANGUAGE

  • Language code: ger
  • Language code: eng

400 1# - SEE FROM TRACING--PERSONAL NAME

  • Personal name: Pannenberg, Wolfhart Ulrich,
  • Dates associated with a name: 1928-2014

400 1# - SEE FROM TRACING--PERSONAL NAME

  • Personal name: Pannenberg, W.
  • Fuller form of name: (Wolfhart),
  • Dates associated with a name: 1928-2014

670 ## - SOURCE DATA FOUND

  • Source citation: Die Prädestinationslehre des Duns Skotus im Zusammenhang der scholastischen Lehrentwicklung, 1954:
  • Information found: t.p. (Wolfhart Pannenberg)

670 ## - SOURCE DATA FOUND

  • Source citation: Etica e pragmatica, c1987:
  • Information found: t.p. (W. Pannenberg) p. 8 (Wolfhart Pannenberg)

670 ## - SOURCE DATA FOUND

  • Source citation: Beiträge zur Ethik, 2004:
  • Information found: t.p. (Wolfhart Pannenberg)

670 ## - SOURCE DATA FOUND

  • Source citation: KB Web OPAC, Dec. 28, 2010
  • Information found: (Pannenberg, W. (Wolfhart Ulrich ; 1928-))

670 ## - SOURCE DATA FOUND

  • Source citation: Wikipedia, viewed May 1, 2023
  • Information found: (Wolfhart Pannenberg; born October 2, 1928 in Stettin, Germany; died September 4, 2014 in Munich, Germany; Lutheran theologian)
  • Uniform Resource Identifier: https://en.wikipedia.org/wiki/Wolfhart_Pannenberg